00000000nam 2200000zi 4500
0019.944238
003CaOODSP
00520250110131548
006m     o  d f      
007cr cn|||||||||
008241018t20242024quca    ob   f000 0 fre d
020 |a9780660740676
040 |aCaOODSP|bfre|erda|cCaOODSP
043 |an-cn-on
0861 |aTU3-10/23-0105F-PDF
1102 |aBureau de la sécurité des transports du Canada.|eauteur, |eorganisme de publication.
24510|aSortie en bout de piste, North Star Air Ltd., Pilatus Aircraft Ltd. PC-12/45, C-GEOW, Aéroport de Kasabonika (CYAQ) (Ontario), 21 novembre 2023.
264 1|aGatineau QC : |bBureau de la sécurité des transports du Canada = Transportation Safety Board of Canada, |c2024.
264 4|c©2024
300 |a1 ressource en ligne (10 pages) : |billustrations en couleur.
336 |atexte|btxt|2rdacontent/fre
337 |ainformatique|bc|2rdamedia/fre
338 |aressource en ligne|bcr|2rdacarrier/fre
4901 |aRapport d'enquête sur la sécurité du transport aérien ; |vA23C0105
500 |aTitre de la couverture.
500 |a« Publié le 5 novembre 2024. »
500 |aPublié aussi en anglais sous le titre : Runway overrun, North Star Air Ltd., Pilatus Aircraft Ltd. PC-12/45, C-GEOW, Kasabonika Airport (CYAQ), Ontario, 21 November 2023.
504 |aComprend des références bibliographiques.
650 6|aAéronautique|xAccidents|xEnquêtes|zOntario.
77508|tRunway overrun, North Star Air Ltd., Pilatus Aircraft Ltd. PC-12/45, C-GEOW, Kasabonika Airport (CYAQ), Ontario, 21 November 2023.|w(CaOODSP)9.944237
830#0|aBilan d'enquête de sécurité du transport aérien ;|vA23C0105.|w(CaOODSP)9.845276
85640|qPDF|s896 Ko|uhttps://publications.gc.ca/collections/collection_2025/bst-tsb/TU3-10-23-0105-fra.pdf
8564 |qHTML|sS.O.|uhttps://www.bst-tsb.gc.ca/fra/rapports-reports/aviation/2023/a23c0105/a23c0105.html